000 00572nam a22001577a 4500
999 _c534733
_d534733
020 _qHard Cover.
082 _a620.0011
100 _aMuhammad Ali Zahoor.
245 _aEnergy policy and implementation in Pakistan :a gap and energy consumption analysis in Pakistan /
_cMuhammad Ali Zahoor.
260 _aIslamaabad :
_bUSCAS-E - NUST,
_c2016.
300 _axv, 129 p. ill. ;
_c30cm.
942 _2ddc
_cTHE
650 _aEnergy Systems Engineering - MS Thesis.
_928880
700 _aDr. Muhammd Bilal Khan.
_929065